000 00517nam a22001697a 4500
999 _c9902
_d9902
003 OSt
005 20200929112924.0
008 180720b ||||| |||| 00| 0 eng d
022 _a2094-8042
082 _aDPer 370.105 M72 June 2010-Mar 2011 v. 59 n. 1-10
100 _929263
_aBartolome, Yolanda G.
245 _aKapalaran/
_cYolanda G. Bartolome.
260 _aPhilippines;
_bIn The Grade School, Inc.,
_cc2010-2011.
300 _av59 n8, page 350;
_c27cm.
650 0 _929264
_aPhilippine
_xPoetry
942 _2ddc
_cPER